|
|
|
|
| LEADER |
00000 a a2200000 04500 |
| 001 |
23452 |
| 003 |
|
| 040 |
|
|
|
| 090 |
|
|
|a 162200
|
| 110 |
|
|
|a CEPAL
|
| 245 |
|
|
|a Tenencia de la tierra y desarrollo rural en Centroamérica /
|c CEPAL
|
| 250 |
|
|
|a 3
|
| 260 |
|
|
|a San José:
|b EDUCA
|
| 300 |
|
|
|a 199 p
|b **no definido**
|
| 710 |
|
|
|a FAO
|a OIT
|a IICA
|a SIECA
|a OCT
|a OEA
|
| 999 |
|
|
|c 10990
|d 10990
|